Statistics for Oceania Map Quiz Expanded

Click here to take the quiz!

General Stats

  • This quiz has been taken 305 times
  • The average score is 16 of 22

Answers on the Map

Answers color-coded by a green-red scale on the quiz's map according to % correct below.
 

Answer Stats

Answer% Correct
Australia
99%
Papua New Guinea
98%
New Zealand
96%
Solomon Islands
87%
Fiji
82%
Kiribati
82%
Hawaii
81%
Micronesia
81%
New Caledonia (France)
81%
Vanuatu
81%
Marshall Islands
78%
French Polynesia
75%
Nauru
73%
Palau
73%
Northern Mariana Islands
67%
Pitcairn Islands
65%
Samoa
63%
Tonga
63%
Guam
59%
Tuvalu
55%
Cook Islands
50%
Niue
39%

Score Distribution

Percentile by Number Answered

Percent of People with Each Score

Your Score History

You have not taken this quiz